[Event "Dresden ZMD op-B 21st"]
[Site "Dresden"]
[Date "2012.08.22"]
[Round "5"]
[White "Pallas, Sebastian"]
[Black "Maeder, Juergen"]
[Result "1-0"]
[WhiteElo "1879"]
[BlackElo "1781"]
[PlyCount "129"]
[EventDate "2012.08.18"]
[EventType "swiss"]
[EventRounds "9"]
[EventCountry "GER"]
[SourceTitle "CBM 150 Extra"]
[Source "ChessBase"]
[SourceDate "2012.10.19"]
[SourceVersion "1"]
[SourceVersionDate "2012.10.19"]
[SourceQuality "1"]

1. e4 c5 2. Nf3 d6 3. d4 cxd4 4. Nxd4 Nf6 5. Nc3 a6 6. Bg5 e6 7. f4 Be7 8. Qf3 Qc7 9. 0-0-0 Nbd7 10. g4 b5 11. Bxf6 Nxf6 12. g5 Nd7 13. f5 Bxg5+ 14. Kb1 0-0 15. fxe6 Nb6 16. Bh3 Bf6 17. Nd5 Nxd5 18. exd5 Bxd4 19. Rxd4 fxe6 20. Qxf8+ Kxf8 21. Rf4+ Qf7 22. Rxf7+ Kxf7 23. Rf1+ Kg6 24. dxe6 Bb7 25. Rf7 Bc6 26. Rc7 Be8 27. b4 Kf6 28. Bg2 Rb8 29. e7 g5 30. Kc1 h5 31. Kd2 Ke6 32. Bb7 Bd7 33. Bxa6 Kxe7 34. Rb7 Rxb7 35. Bxb7 Kf6 36. Kd3 Ke5 37. c4 Bf5+ 38. Kc3 bxc4 39. a4 d5 40. a5 d4+ 41. Kxc4 Be6+ 42. Kd3 Bf5+ 43. Kd2 Kd6 44. b5 Kc5 45. b6 Kb5 46. Bf3 Bc8 47. b7 Bxb7 48. Bxb7 Kxa5 49. Kd3 Kb6 50. Bf3 g4 51. Be2 Kc6 52. Kxd4 Kd6 53. Ke4 Ke7 54. Kf5 Kf8 55. Kg5 Kg7 56. Kxh5 Kh7 57. Bd3+ Kg7 58. Bg6 Kf6 59. Kh6 Ke6 60. Kg5 Ke7 61. Kf5 Kf8 62. Kf6 Kg8 63. Bf5 Kf8 64. Bh7 Ke8 65. Kg7 1-0

[Event "Dresden ZMD op-B 21st"]
[Site "Dresden"]
[Date "2012.08.18"]
[Round "1"]
[White "Maeder, Juergen"]
[Black "Bolshakov, Konstantin"]
[Result "1-0"]
[WhiteElo "1781"]
[BlackElo "1612"]
[PlyCount "43"]
[EventDate "2012.08.18"]
[EventType "swiss"]
[EventRounds "9"]
[EventCountry "GER"]
[SourceTitle "CBM 150 Extra"]
[Source "ChessBase"]
[SourceDate "2012.10.19"]
[SourceVersion "1"]
[SourceVersionDate "2012.10.19"]
[SourceQuality "1"]

1. d4 d5 2. Nf3 Nf6 3. c4 e6 4. e3 Be7 5. Bd3 dxc4 6. Bxc4 0-0 7. Nc3 Nbd7 8. 0-0 b6 9. e4 Bb7 10. Qe2 c5 11. e5 Nd5 12. Re1 cxd4 13. Nxd5 exd5 14. Bd3 Bb4 15. Bxh7+ Kxh7 16. Ng5+ Kg8 17. Qh5 Re8 18. Qxf7+ Kh8 19. Qh5+ Kg8 20. Qh7+ Kf8 21. Qh8+ Ke7 22. Qxg7# 1-0

[Event "Jirasek Memorial op 24th"]
[Site "Rakovnik"]
[Date "2012.08.09"]
[Round "7"]
[White "Masek, Jan"]
[Black "Maeder, Juergen"]
[Result "1-0"]
[WhiteElo "1949"]
[BlackElo "1895"]
[PlyCount "54"]
[EventDate "2012.08.04"]
[EventType "swiss"]
[EventRounds "9"]
[EventCountry "CZE"]
[SourceTitle "CBM 149 Extra"]
[Source "ChessBase"]
[SourceDate "2012.08.24"]
[SourceVersion "1"]
[SourceVersionDate "2012.08.24"]
[SourceQuality "1"]

1. e4 c5 2. Bc4 e6 3. Qe2 Nc6 4. Nf3 Be7 5. c3 d5 6. Bb5 Bd7 7. e5 a6 8. Bd3 c4 9. Bc2 Bc5 10. b4 cxb3 11. axb3 Qc7 12. d4 Be7 13. 0-0 Rc8 14. Bd3 Qb6 15. Nbd2 Nh6 16. b4 Nf5 17. Nb3 0-0 18. g4 Nh4 19. Nxh4 Bxh4 20. g5 g6 21. Qg4 Bxf2+ 22. Rxf2 Nxe5 23. dxe5 Rxc3 24. Nc5 Bb5 25. Bxb5 Qxb5 26. Bd2 Rc4 27. Qf3 Qc6 1-0

[Event "Jirasek Memorial op 24th"]
[Site "Rakovnik"]
[Date "2012.08.08"]
[Round "6"]
[White "Maeder, Juergen"]
[Black "Horyna, Josef"]
[Result "1/2-1/2"]
[WhiteElo "1895"]
[BlackElo "1878"]
[PlyCount "66"]
[EventDate "2012.08.04"]
[EventType "swiss"]
[EventRounds "9"]
[EventCountry "CZE"]
[SourceTitle "CBM 149 Extra"]
[Source "ChessBase"]
[SourceDate "2012.08.24"]
[SourceVersion "1"]
[SourceVersionDate "2012.08.24"]
[SourceQuality "1"]

1. d4 c6 2. c4 d5 3. Nf3 Nf6 4. e3 e6 5. Bd3 dxc4 6. Bxc4 Bd6 7. 0-0 0-0 8. b3 Nbd7 9. Bb2 Qc7 10. Nbd2 e5 11. dxe5 Nxe5 12. Nxe5 Bxe5 13. Bxe5 Qxe5 14. Nf3 Qc7 15. Qc2 Bg4 16. Be2 Rad8 17. Rfd1 Rxd1+ 18. Rxd1 Rd8 19. h3 Rxd1+ 20. Qxd1 Bh5 21. Nh4 Bxe2 22. Qxe2 Qe5 23. Nf3 Qd5 24. Qd2 Qxd2 25. Nxd2 Kf8 26. Kf1 Ke7 27. Ke2 Nd5 28. Nb1 a5 29. a3 b5 30. Kd3 Kd6 31. g3 f5 32. f3 Nf6 33. Nd2 Ke6 1/2-1/2